| 000 | 00508nam a2200193Ia 4500 | ||
|---|---|---|---|
| 008 | 131103s9999 xx 000 0 und d | ||
| 020 | _cRs.45.00 | ||
| 040 | _aLoreto College | ||
| 041 | _aEnglish | ||
| 082 |
_a370.1/BAN _bLCBkB/310 |
||
| 100 | _aBanerjee,Archana | ||
| 245 |
_aPhilosophy and principles of education _cArchana Banerjee |
||
| 250 | _a4th ed. | ||
| 260 |
_aCalcutta _bSusoban _c1988 |
||
| 300 |
_axii,296p. _c 23 cm. |
||
| 650 | _aEducation | ||
| 850 | _aLCBkB/370.1/BAN | ||
| 942 | _cBK | ||
| 999 |
_c34949 _d85428 |
||